000 00386nam a2200145Ia 4500
008 230917s9999||||xx |||||||||||||| ||und||
040 _e64485
_aMAIN
041 _aEnglish
082 _a320.509 J728M
100 _aJones, W T
245 0 _aMasters of political thought. V2- Machiavelli to Bentham
260 _aLondon
_bGeorge G Harrap & Co.
_c1960
300 _a388 p.
942 _cBK
999 _c199359
_d199359